Responses for show #8259 - Thursday, October 15, 2020

Kevin Walsh game 6.

Contestants

[<< previous game]

Kristin Hucek, an attorney from San Francisco, California

Daniel Lee, an orthopedic surgeon from South Pasadena, California

Kevin Walsh, a story analyst originally from Williamstown, New Jersey (whose 5-day cash winnings total $111,301)

[next game >>]

Jeopardy! Round responses

WORD PUZZLES
MICRONATIONS
ON THE BILLBOARD CHARTS IN 2020
ANIMALS
A VISIT TO THE TAILOR
A PAIR OF PENCE
    $200 8
read between the lines

Kevin
    $200 21
Antarctica

Kevin
    $200 26
Gwen Stefani

Kristin
    $200 1
moth

Kristin
    $200 13
cashmere

Kevin
    $200 7
(Charles) Dickens

Kevin
    $400 9
merry-go-round

Kristin
    $400 22
the Danube

Kevin
    $400 27
Eminem

Daniel
    $400 2
a goose

Kristin
    $400 14
tea length

Kevin
    $400 18
the Thames

Kristin
    $600 10
split level

Kevin
    $600 23
the North Sea

Kevin
    $600 28
the Weeknd

Kevin
    $600 3
mink

Kristin
    $600 15
(Kristin: What is the corset?)
(Daniel: What's the halter?)
(Kevin: What's the blouse?)

the bodice

KevinDanielKristin
Triple Stumper
    $600 6
(Kevin: What is sing a song of sixpence?)

feed the birds

KevinKristin
    $800 11
thermal underwear

Kevin
    $800 24
Montevideo

Daniel
    $800 29
Roxanne

Kevin
    $800 4
a piranha

Daniel
    $800 16
Singer

Kevin
    $800 19
the Underground

Kevin
    $1000 12
Lost in Space

Triple Stumper
    $1000 25
Italy

Kristin
    $1000 30
(Daniel: What is "I'm a [*]"?)
[Alex glares at Daniel]
(Daniel: What is [*]?)
(Alex: [*] is right.)

"Savage"

Daniel
    $1000 5
wood

Triple Stumper
    $1000 17
bespoke

Kristin
    $1,000 20
(Kevin: Uh, boy. Um... what is Amstel?)

gin

Kevin

Scores at the first commercial break (after clue 15):

Kevin Daniel Kristin
$1,200 $200 $1,600

Scores at the end of the Jeopardy! Round:

Kevin Daniel Kristin
$4,400 $2,400 $4,200

Double Jeopardy! Round responses

CRIME & PUNISHMENT
AMERICAN PLAYWRIGHTS
BERRY SPECIAL
FROM "A" TO "Y"
WORLD HISTORY
WHERE HAVE I SEEN THOSE STAIRS?
    $400 4
trafficking

Kristin
    $400 27
The Glass Menagerie

Triple Stumper
    $400 11
cranberries

Daniel
    $400 1
accuracy

Daniel
    $400 18
(Daniel: What is England?)

Scotland

Daniel
Triple Stumper
    $400 22
[Laughter]

Philadelphia

Kristin
    $800 5
lethal injection

Daniel
    $4,000 28
[The end-of-round signal sounds.]

Arthur Miller

Daniel
    $800 12
a strawberry

Daniel
    $800 2
an adversary

Daniel
    $800 19
Bismarck

Kristin
    $800 23
(Alex: Less than a minute now.)

The Exorcist

Kevin
    $1200 8
(Kevin: What is a bank robbery?)

to escape from jail

Kevin
Triple Stumper
    $1200 16
August Wilson

Triple Stumper
    $1200 13
lingonberries

Daniel
    $1200 3
angioplasty

Kristin
    $1200 17
Zimbabwe

Kristin
    $1200 26
The Brady Bunch

Daniel
    $1600 9
the International Criminal Court

Triple Stumper
    $1600 14
goji berries

Kristin
    $1600 6
accompany

Kristin
    $2,000 20
(Kristin: Um... um... what is Brahmanism?)

Sikhism

Kristin
    $1600 25
(Daniel: What's Brooklyn?)

the Bronx

Daniel
Triple Stumper
    $2000 10
(Kevin: Who is Dapper Dan?)

Pretty Boy Floyd

Kevin
Triple Stumper
    $2000 15
an elderberry

Daniel
    $2000 7
auditory

Kristin
    $2000 21
(Kristin: What is the Alliance?)

the Triple Entente

Kristin
Triple Stumper
    $2000 24
the Spanish Steps

Kristin

Scores at the end of the Double Jeopardy! Round:

Kevin Daniel Kristin
$2,000 $12,000 $11,400

[wagering suggestions for these scores]

Final Jeopardy! Round responses

PSYCHOLOGICAL TERMS
(Alex: What is Borderline...)
(Daniel: Personality.)
KevinWhat is obsessive-compulsive?
$0
KristinWhat risk-taker
$8,700
DanielWhat is Borderline Pers
$10,801
Type A personality

Final scores:

Kevin Daniel Kristin
$2,000 $1,199 $2,700
2nd place: $2,000 3rd place: $1,000 New champion: $2,700

Game dynamics:

Coryat scores:

Kevin Daniel Kristin
$3,000 $8,800 $13,400
14 R,
5 W
(including 1 DD)
13 R
(including 1 DD),
3 W
18 R,
3 W
(including 1 DD)

Combined Coryat: $25,200

The J! Archive is created by fans, for fans. The Jeopardy! game show and all elements thereof, including but not limited to copyright and trademark thereto, are the property of Jeopardy Productions, Inc. and are protected under law. This website is not affiliated with, sponsored by, or operated by Jeopardy Productions, Inc. Join the discussion at JBoard.tv.